Apocalipsis para principiantes /
Best friends and would-be lovers Hope Randall and Mickey Bauermann find comfort in each other as Hope awaits the end of the world habitually foretold by her family's long line of erroneous visions. When the truth about her family comes to light, Hope leaves Mickey behind to forge a new path ......
Uloženo v:
| Hlavní autor: | |
|---|---|
| Další autoři: | |
| Médium: | Elektronický zdroj E-kniha |
| Jazyk: | španělština francouzština |
| Vydáno: |
Madrid :
Siruela,
marzo de 2014.
|
| Vydání: | Edición en formato digital. |
| Edice: | Nuevos tiempos (Madrid, Spain) ;
272. |
| Témata: | |
| On-line přístup: | Digitalia Hispánica |
| Tagy: |
Přidat tag
Žádné tagy, Buďte první, kdo vytvoří štítek k tomuto záznamu!
|
MARC
| LEADER | 00000nam a2200000Ii 4500 | ||
|---|---|---|---|
| 001 | DIGSIRLA0251 | ||
| 003 | NyNyDIG | ||
| 008 | 160331t20142014sp o 000 f spa d | ||
| 006 | m o d | ||
| 007 | cr ||||||||||| | ||
| 035 | |a (OCoLC)945876680 | ||
| 040 | |a DGITA |b eng |e rda |e pn |c DGITA | ||
| 020 | |a 9788416120499 |q (eBook ; |q ePub) | ||
| 020 | |a 8416120498 |q (eBook ; |q ePub) | ||
| 020 | |a 9788416120505 |q (eBook ; |q Kindle) | ||
| 020 | |a 8416120501 |q (eBook ; |q Kindle) | ||
| 020 | |z 9788415937807 | ||
| 020 | |z 8415937806 | ||
| 041 | 1 | |a spa |h fre | |
| 050 | 1 | 4 | |a PQ3919.2.D5155 eBook |
| 082 | 0 | 4 | |a 843.92 |2 23 |
| 100 | 1 | |a Dickner, Nicolas, |d 1972- |e author. | |
| 240 | 1 | 0 | |a Tarmac. |l Spanish |
| 245 | 1 | 0 | |a Apocalipsis para principiantes / |c Nicolas Dickner ; traducción del francés de Luisa Feliu. |
| 250 | |a Edición en formato digital. | ||
| 264 | 1 | |a Madrid : |b Siruela, |c marzo de 2014. | |
| 264 | 4 | |c ©2014 | |
| 300 | |a 1 online resource. | ||
| 336 | |a text |b txt |2 rdacontent | ||
| 337 | |a computer |b c |2 rdamedia | ||
| 338 | |a online resource |b cr |2 rdacarrier | ||
| 490 | 1 | |a Nuevos tiempos ; |v 272 | |
| 520 | |a Best friends and would-be lovers Hope Randall and Mickey Bauermann find comfort in each other as Hope awaits the end of the world habitually foretold by her family's long line of erroneous visions. When the truth about her family comes to light, Hope leaves Mickey behind to forge a new path ... alone. | ||
| 588 | 0 | |a Online resource; title from ePub title page (Digitalia, viewed April 1, 2016) | |
| 650 | 0 | |a Visions |v Fiction. | |
| 650 | 0 | |a Puberty |v Fiction. | |
| 650 | 0 | |a End of the world |v Fiction. | |
| 650 | 0 | |a Families |v Fiction. | |
| 650 | 0 | |a Mothers and daughters |v Fiction. | |
| 650 | 0 | |a Man-woman relationships |v Fiction. | |
| 655 | 7 | |a Romance fiction. |2 lcgft | |
| 655 | 7 | |a Science fiction. |2 lcgft | |
| 655 | 7 | |a Apocalyptic fiction. |2 lcgft | |
| 655 | 0 | |a Electronic books. | |
| 700 | 1 | |a Feliu, Luisa, |e translator. | |
| 700 | 1 | |i Translation of: |a Dickner, Nicolas, |d 1972- |t Tarmac. | |
| 791 | 2 | |a Digitalia (Firm), |e distributor. | |
| 793 | 0 | |g Digitalia eBook Collection: |a Siruela | |
| 776 | 0 | 8 | |i Print version: |a Dickner, Nicolas, 1972- |s Tarmac. Spanish. |t Apocalipsis para principiantes. |d Madrid : Siruela, 2014 |z 9788415937807 |w (OCoLC)880605249 |
| 830 | 0 | |a Nuevos tiempos (Madrid, Spain) ; |v 272. | |
| 856 | 4 | 0 | |3 Digitalia Hispánica |u https://digitalia.unach.elogim.com/a/31805/ |
| 910 | |a Premium Collection: 2016 | ||